000 00328nam a2200097Ia 4500
008 240331s9999 xx 000 0 und d
082 _bLAW
100 _aUNDP. ed
245 0 _aLaw, Ethics and HIV/AIDSin South Asia :
_bA study of the legal and social environment of the epidemic in Bangladesh, India, Nepal and Sri Lanka
942 _cL
999 _c2826
_d2826